| 000 | 00627cam a2200229 4500 | ||
|---|---|---|---|
| 001 | M1428 | ||
| 008 | 090401t1993 xxu||||| |||| 00| 0 eng d | ||
| 035 | _a(Sirsi) u31913 | ||
| 041 | _aeng | ||
| 050 | _a333.0062 | ||
| 090 | _aRICS 1993/42ABC | ||
| 100 | _aLewis, Clive H. | ||
| 245 | _aBusiness needs us: address by the President, Clive H. Lewis FRICS FSVA, Tuesday 6 July 1993. | ||
| 260 |
_aLondon _bRICS _c1993 |
||
| 300 | _a12p. ; 30cm. | ||
| 350 | _a0 | ||
| 650 | _aPRESIDENTIAL ADDRESS | ||
| 650 | _aSPEECHES | ||
| 710 |
_aRoyal Institution of Chartered Surveyors _94900 |
||
| 942 | _n0 | ||
| 948 | _c04/03/1997 | ||
| 999 |
_c89646 _d89646 |
||